000 00474nam a22001577a 4500
005 20251108164315.0
008 250721s9999 xx 000 0 ara d
082 1 4 _a796.812/صلا
100 1 _aعبد الستار، صلاح الدين
245 1 0 _aالنينجا /
264 1 _aالإسكندريه :
_bالمركز العربي للنشر و التوزيع،
_c[19-].
300 _a88ص
650 1 7 _aألعاب المبارزة
942 _2ddc
_cBK
999 _c8906
_d8906